00336nam a22001337a 4500020001500000082001800015100002500033245006100058260004000119300000900159650001000168942000700178999001700185 a0060655801 a220.52042 COL ameeks, Wayne A. (ed) aHarper Collins Study Bible: New Revised Standard Version aNew York, USAbHarper Collinsc1993 a2347 aBible cBK c23232d23232